| 000 | 01154cam a22003014a 4500 | ||
|---|---|---|---|
| 003 | UPN | ||
| 005 | 20240910063925.0 | ||
| 008 | 090217s2006 es a r 000 j spa d | ||
| 020 | _a8466753850 | ||
| 035 | _aUPN01000169402 | ||
| 040 |
_aUPN _bspa _cUPN |
||
| 049 | _aI | ||
| 050 | 4 |
_aPT1731 _bP53 |
|
| 100 | 1 |
_aGrimmelshausen, Hans Jakob Christoph von, _d1625-1676 _927903 |
|
| 245 | 1 | 0 |
_aPiel de oso y otros cuentos : _bcuentos completos III / _cJacob y Wilhelm Grimm ; prólogo Vicente Muñoz Puelles ; traducción María Antonia Seijo Castroviejo ; ilustraciones Pablo Auladell. |
| 250 | _aPrimera edición | ||
| 260 |
_aMadrid : _bAnaya, _c2006. |
||
| 300 |
_a272 páginas : _bilustraciones a color |
||
| 650 | 4 |
_aLiteratura infantil alemana _99171 |
|
| 650 | 4 |
_aCuentos infantiles alemanes _98589 |
|
| 700 | 1 |
_aGrimm, Wilhelm, _d1786-1859 _ecoautor _932345 |
|
| 700 | 1 |
_aMuñoz Puelles, Vicente, _d1948- _eprologuista _932146 |
|
| 700 | 1 |
_aSeijo Castroviejo, María Antonia, _d1942- _etraductora _946548 |
|
| 700 | 1 |
_aAuladell, Pablo, _d1972- _eilustrador _946549 |
|
| 902 | _bCarolina Alvarado/220922/M | ||
| 905 | _aLibro | ||
| 942 |
_2lcc _cLIBRO |
||
| 999 |
_c141508 _d141508 |
||